Preskoči na sadržaj

Вычислительные системы, операционные системы, сетевые технологии и информационные ресурсы учебное пособие

Учебное пособие предназначено для слушателей курсов повышения квалификации Самарского регионального телекоммуникационного трейнинг-центра (СРТТЦ) ПГУТИ по направлению «Вычислительные системы, операционные системы, сетевые технологии и информационные ресурсы», а также для студентов следующих направле...

Cijeli opis

Spremljeno u:
Bibliografski detalji
Glavni autor: Вержаковская М. А.
Daljnji autori: Аронов В. Ю.
Format: Книга
Jezik:Russian
Izdano: Самара ПГУТИ 2022
Online pristup:https://e.lanbook.com/book/320834
https://e.lanbook.com/img/cover/book/320834.jpg
Oznake: Dodaj oznaku
Bez oznaka, Budi prvi tko označuje ovaj zapis!
LEADER 02604nam0a2200253 i 4500
001 320834
003 RuSpLAN
005 20240216150941.0
008 240216s2022 ru gs 000 0 rus
040 |a RuSpLAN 
041 0 |a rus 
044 |a ru 
245 0 0 |a Вычислительные системы, операционные системы, сетевые технологии и информационные ресурсы  |b учебное пособие  |c Вержаковская М. А.,Аронов В. Ю. 
260 |a Самара  |b ПГУТИ  |c 2022 
300 |a 181 с. 
504 |a Библиогр.: доступна в карточке книги, на сайте ЭБС Лань 
520 8 |a Учебное пособие предназначено для слушателей курсов повышения квалификации Самарского регионального телекоммуникационного трейнинг-центра (СРТТЦ) ПГУТИ по направлению «Вычислительные системы, операционные системы, сетевые технологии и информационные ресурсы», а также для студентов следующих направлений подготовки 09.03.01 «Информатика и вычислительная техника», 09.03.04 «Программная инженерия», 02.03.03 «Математическое обеспечение и администрирование информационных систем» (уровень бакалавриата) и включает разделы дисциплины «Операционные системы и оболочки». Также данное учебное пособие может быть использовано при обучении слушателей Самарского регионального телекоммуникационного трейнингцентра (СРТТЦ) ФГБОУ ВО ПГУТИ, обучающихся по программе переподготовки специалистов по направлению «Информатика и вычислительная техника». 
521 8 |a Книга из коллекции ПГУТИ - Информатика 
521 8 |a СЭБ 
100 1 |a Вержаковская М. А. 
700 1 |a Аронов В. Ю. 
856 4 |u https://e.lanbook.com/book/320834 
856 4 8 |u https://e.lanbook.com/img/cover/book/320834.jpg 
953 |a https://e.lanbook.com/img/cover/book/320834.jpg